000 00340nam a22001457a 4500
008 210302b ||||| |||| 00| 0 eng d
020 _a0721677312
041 _aeng
080 _23rd
_a616
082 _a616
100 _a9
101 _aPAT
245 _aOral Pathology Clinical Pathologic Correlations
_cRegezi, J. A
942 _2udc
_cBK
999 _c55547
_d55547